Buteurs Real Madrid LDC 2023 - 2024 - Statistiques

Statistiques générales
  • Ce quiz a été pris 293 fois
  • Le résultat moyen est 6 sur 9
Statistiques - réponses
Nombre de but Buteur % Correct
6 Vinicius Junior
99%
5 Rodrygo
96%
4 Jude Bellingham
92%
1 Daniel Carvajal
84%
5 Joselu
84%
1 Federico Valverde
77%
2 Brahim Diaz
61%
1 Dani Ceballos
28%
1 Nico Paz
19%
Aucun quiz correspondant
Distribution des résultats
% des personnes avec chaque résultat
Percentile par nombre de réponses
Votre historique - résultats
Vous n’avez pas pris ce quiz